cool - Michael Clifford - All Lyrics - Statistics

General Stats
  • This quiz has been taken 19 times
  • The average score is 288 of 345
Answer Stats
Answer % Correct
a
100%
cool
100%
I
100%
I'm
100%
the
100%
your
100%
(Am
91%
Am
91%
don't
91%
in
91%
on
91%
She
91%
she
91%
what
91%
with
91%
about
82%
band
82%
coloured
82%
enough?
82%
enough?)
82%
Everybody
82%
everybody
82%
fire
82%
fit
82%
frame
82%
knows
82%
me
82%
of
82%
one
82%
out
82%
place
82%
play
82%
see
82%
sees
82%
so
82%
song
82%
that
82%
Try
82%
underwear
82%
When
82%
you're
82%
You're
82%
2015
73%
and
73%
been
73%
caught
73%
cavalier
73%
chandelier
73%
clothes
73%
come
73%
Confidence
73%
disappear
73%
easily
73%
From
73%
guy
73%
hair
73%
impress
73%
it
73%
I've
73%
like
73%
my
73%
only
73%
overthinking
73%
part,
73%
say
73%
tryna
73%
who
73%
care
64%
could
64%
doesn't
64%
feel
64%
friends
64%
hard,
64%
hard
64%
less
64%
lighting
64%
look
64%
mind,
64%
new
64%
off
64%
reads
64%
really
64%
room
64%
scene
64%
shadow,
64%
trend
64%
up
64%
whatever
64%
wish
64%
Before
55%
cares,
55%
doing
55%
gotta
55%
here
55%
into
55%
It's
55%
jeans,
55%
make
55%
Nobody
55%
Skinny
55%
standing
55%
they're
55%
unaware
55%
wanna
55%
While
55%
fine,
45%
guess
45%
kinda
45%
swear
45%
asked
36%
Put
36%
No matching quizzes found
Score Distribution
Percent of People with Each Score
Percentile by Number Answered
Your Score History
You have not taken this quiz